00469nam a22001457a 4500003000500000038001800005082000800023100001700031245009300048264003500141300002400176650003000200700003500230856005800265NUST aNusrat Nadeem a200 aKhan, Idrees aDesign of optimized nonlinear control laws for navigation of UAV systems/cIdrees Khan,  aIslamabad;bSEECS NUST;c2024. a84,p;bill;c30,cm. aMS-Electrical Engineering aSupervisor: Dr. Iftikhar Ahmad u http://10.250.8.41:8080/xmlui/handle/123456789/45392